[Event "Valasska Bystrice op 13th"]
[Site "Valasska Bystrice"]
[Date "2022.09.13"]
[Round "5"]
[White "Bambusek, Vladislav"]
[Black "Dobsinsky, Petr"]
[Result "0-1"]
[WhiteElo "1450"]
[BlackElo "1261"]
[PlyCount "96"]
[EventDate "2022.09.10"]
[EventType "swiss"]
[EventRounds "9"]
[EventCountry "CZE"]
[SourceTitle "CBM 210 Extra"]
[Source "ChessBase"]
[SourceDate "2022.11.30"]
[SourceVersion "1"]
[SourceVersionDate "2022.11.30"]
[SourceQuality "1"]

1. d4 Nf6 2. c4 e6 3. Nc3 d5 4. e3 c6 5. Nf3 Bb4 6. a3 Bxc3+ 7. bxc3 h6 8. a4 Ne4 9. Qc2 Qa5 10. Bb2 Nd7 11. Bd3 Ndf6 12. 0-0 Qc7 13. Ba3 c5 14. Rfb1 0-0 15. dxc5 Nxc5 16. Rb5 Nfd7 17. Nd4 Re8 18. cxd5 a6 19. Rb4 Nxd3 20. Qxd3 exd5 21. Nf3 Nf6 22. Rh4 Re4 23. Bb2 Bf5 24. Qd2 Rxh4 25. Nxh4 Be6 26. Nf3 Bg4 27. Nd4 Rc8 28. f3 Bf5 29. Nxf5 Rd8 30. Nd4 Qc4 31. Kf2 Nd7 32. Qe2 Qc8 33. Rc1 Nb6 34. a5 Nc4 35. Ra1 Qc7 36. Bc1 Qxh2 37. Qf1 Qh4+ 38. g3 Qf6 39. Qd3 g6 40. f4 Nd6 41. Ba3 Ne4+ 42. Kg2 Rc8 43. Bb4 h5 44. Rf1 h4 45. g4 Kg7 46. Kh3 g5 47. fxg5 Qe5 48. Rf3 Nf2+ 0-1

[Event "Valasska Bystrice op 13th"]
[Site "Valasska Bystrice"]
[Date "2022.09.12"]
[Round "4"]
[White "Martikan, Jiri"]
[Black "Bambusek, Vladislav"]
[Result "1-0"]
[WhiteElo "1299"]
[BlackElo "1450"]
[PlyCount "93"]
[EventDate "2022.09.10"]
[EventType "swiss"]
[EventRounds "9"]
[EventCountry "CZE"]
[SourceTitle "CBM 210 Extra"]
[Source "ChessBase"]
[SourceDate "2022.11.30"]
[SourceVersion "1"]
[SourceVersionDate "2022.11.30"]
[SourceQuality "1"]

1. e4 e6 2. d4 Nf6 3. Nc3 d5 4. e5 Nfd7 5. Nf3 Be7 6. Be3 b6 7. Ne2 0-0 8. Qd2 c5 9. c3 c4 10. Ng3 Nc6 11. Ng5 h6 12. Nh3 f5 13. Nf4 Ndb8 14. Ng6 Bg5 15. Nxf8 Bxe3 16. Qxe3 Qxf8 17. Nh5 Nd7 18. Be2 g6 19. Nf4 Kf7 20. h4 b5 21. g4 Ne7 22. h5 g5 23. Ng6 Nxg6 24. hxg6+ Kxg6 25. gxf5+ exf5 26. Bh5+ Kg7 27. 0-0-0 f4 28. Qf3 Bb7 29. Qg4 Qe7 30. Rde1 Bc8 31. Qf3 Nb6 32. Rhg1 Kh8 33. Bg6 Be6 34. Rh1 Kg7 35. Qh5 Rh8 36. Bc2 a5 37. Qg6+ Kf8 38. Rxh6 Rxh6 39. Qxh6+ Ke8 40. Qg6+ Kd8 41. Bf5 Bxf5 42. Qxf5 Kc7 43. Rh1 Nd7 44. Rh7 Qe8 45. e6 Kd6 46. Rxd7+ Kc6 47. Qxd5+ 1-0

[Event "Valasska Bystrice op 13th"]
[Site "Valasska Bystrice"]
[Date "2022.09.11"]
[Round "3"]
[White "Bambusek, Vladislav"]
[Black "Jerabek, Jan1111"]
[Result "0-1"]
[WhiteElo "1450"]
[BlackElo "1227"]
[PlyCount "100"]
[EventDate "2022.09.10"]
[EventType "swiss"]
[EventRounds "9"]
[EventCountry "CZE"]
[SourceTitle "CBM 210 Extra"]
[Source "ChessBase"]
[SourceDate "2022.11.30"]
[SourceVersion "1"]
[SourceVersionDate "2022.11.30"]
[SourceQuality "1"]

1. d4 d5 2. Nf3 Nf6 3. c4 e6 4. Nc3 Bb4 5. a3 Bxc3+ 6. bxc3 0-0 7. e3 Nbd7 8. Bd3 b6 9. 0-0 Ba6 10. cxd5 Bxd3 11. Qxd3 exd5 12. Bb2 c6 13. Rac1 b5 14. Rfe1 Re8 15. Rc2 Rb8 16. Rce2 Ne4 17. Rd1 f6 18. Ne1 Nb6 19. Bc1 Nc4 20. Nc2 a5 21. Na1 Qd7 22. f3 Ng5 23. Nb3 Ne6 24. Qf5 Nf8 25. Qd3 Ne6 26. Rde1 Re7 27. g3 Rbe8 28. e4 dxe4 29. Rxe4 a4 30. Rh4 g6 31. Nd2 Nc5 32. Rxe7 Rxe7 33. Qf1 Ne3 34. Qh3 Qxh3 35. Rxh3 Nd3 36. Ne4 Nxc1 37. Nxf6+ Kg7 38. Ne4 Nd5 39. Rh4 Ne2+ 40. Kf2 Nexc3 41. Kg2 Nxe4 42. fxe4 Ne3+ 43. Kf3 Nc2 44. e5 Nxa3 45. Re4 Nc4 46. Re2 b4 47. Ke4 b3 48. Kd3 b2 49. Kc2 Rb7 50. Kb1 Na3+ 0-1

[Event "Valasska Bystrice op"]
[Site "Valasska Bystrice"]
[Date "2017.09.13"]
[Round "6"]
[White "Korinek, Jaroslav"]
[Black "Bambusek, Vladislav"]
[Result "0-1"]
[WhiteElo "1558"]
[BlackElo "1623"]
[PlyCount "80"]
[EventDate "2017.09.09"]
[EventType "swiss"]
[EventRounds "9"]
[EventCountry "CZE"]
[SourceTitle "CBM 180 Extra"]
[Source "ChessBase"]
[SourceDate "2017.10.06"]
[SourceVersion "1"]
[SourceVersionDate "2017.10.06"]
[SourceQuality "1"]

1. e4 c5 2. Nf3 d6 3. Bc4 e6 4. 0-0 Nf6 5. d3 Be7 6. c3 0-0 7. h3 a6 8. a4 Nc6 9. Bg5 Rb8 10. Nbd2 Nd7 11. Bxe7 Qxe7 12. Re1 Nce5 13. d4 Nxc4 14. Nxc4 b5 15. Ne3 bxa4 16. Qd2 Nb6 17. d5 Bb7 18. c4 g6 19. Qc2 e5 20. b3 axb3 21. Qxb3 Nd7 22. Qc2 Nf6 23. Ng4 Bc8 24. Ngh2 Nh5 25. Ng4 Ra8 26. Kh2 f5 27. exf5 Bxf5 28. Nh6+ Kg7 29. Nxf5+ gxf5 30. Qd2 h6 31. g3 Qf6 32. Rg1 Kh7 33. Qa5 Ng7 34. Qb6 Rfb8 35. Qa5 e4 36. Nh4 Ra7 37. Rab1 Rab7 38. Rxb7 Rxb7 39. Qxa6 Rb2 40. Rg2 f4 0-1

[Event "Valasska Bystrice op"]
[Site "Valasska Bystrice"]
[Date "2017.09.10"]
[Round "3"]
[White "Bambusek, Vladislav"]
[Black "Obsivacova, Jana"]
[Result "1-0"]
[WhiteElo "1623"]
[BlackElo "1187"]
[PlyCount "75"]
[EventDate "2017.09.09"]
[EventType "swiss"]
[EventRounds "9"]
[EventCountry "CZE"]
[SourceTitle "CBM 180 Extra"]
[Source "ChessBase"]
[SourceDate "2017.10.06"]
[SourceVersion "1"]
[SourceVersionDate "2017.10.06"]
[SourceQuality "1"]

1. d4 d5 2. Nf3 Nc6 3. c4 Bg4 4. cxd5 Bxf3 5. gxf3 Qxd5 6. e3 e5 7. Nc3 Bb4 8. a3 Bxc3+ 9. bxc3 Nf6 10. Rg1 0-0 11. e4 Qd6 12. d5 Ne7 13. Qb3 b6 14. c4 Rfd8 15. Bd2 c5 16. a4 Kf8 17. Bd3 Qd7 18. Ke2 h6 19. Rg2 Ng6 20. Rag1 Nh5 21. Rg4 Re8 22. Bc2 Qd6 23. Qb1 Rad8 24. Qf1 Qf6 25. Bd1 Nh4 26. Qh3 g5 27. Kf1 a6 28. Be3 Rc8 29. Ke1 Qd8 30. Bxg5 hxg5 31. Rxg5 Nf6 32. Qxh4 Qd6 33. Rf5 Ke7 34. Rgg5 Kd8 35. Qg3 b5 36. Rxe5 Rxe5 37. Rxe5 Qb6 38. d6 1-0

[Event "Valasska Bystrice op"]
[Site "Valasska Bystrice"]
[Date "2016.09.14"]
[Round "6"]
[White "Gajda, Rostislav"]
[Black "Bambusek, Vladislav"]
[Result "1/2-1/2"]
[WhiteElo "1593"]
[BlackElo "1664"]
[PlyCount "108"]
[EventDate "2016.09.10"]
[EventType "swiss"]
[EventRounds "9"]
[EventCountry "CZE"]
[SourceTitle "CBM 174 Extra"]
[Source "ChessBase"]
[SourceDate "2016.10.10"]
[SourceVersion "1"]
[SourceVersionDate "2016.10.10"]
[SourceQuality "1"]

1. e4 c5 2. a3 Nc6 3. b4 cxb4 4. axb4 Nxb4 5. d4 Nc6 6. d5 Nb8 7. c4 b6 8. Nc3 d6 9. Nf3 g6 10. Bf4 Bg7 11. e5 Nd7 12. Qa4 Kf8 13. Ne4 Nxe5 14. Ra3 Nxf3+ 15. Rxf3 Nf6 16. Nxf6 Bxf6 17. Bh6+ Bg7 18. Qa1 f6 19. Bd2 Bd7 20. h4 h5 21. Bd3 f5 22. Qa3 Bf6 23. Bg5 Kg7 24. Re3 Re8 25. Bxf6+ Kxf6 26. Qc3+ Kf7 27. g4 e5 28. dxe6+ Rxe6 29. gxf5 Rxe3+ 30. fxe3 gxf5 31. Qd4 Bc6 32. Rg1 Qf6 33. Bxf5 Qxd4 34. exd4 Bf3 35. Kf2 Kf6 36. Kxf3 Kxf5 37. Rg5+ Kf6 38. Ke4 a5 39. Rxh5 a4 40. Rf5+ Kg6 41. Rf2 Ra5 42. Kd3 d5 43. h5+ Kg5 44. Ra2 Kxh5 45. Kc3 dxc4 46. Kxc4 Rg5 47. d5 b5+ 48. Kc5 Kg6 49. Kc6 Kf7 50. Re2 b4 51. d6 Rg3 52. Re7+ Kf6 53. Re4 Rc3+ 54. Kb5 Rd3 1/2-1/2

[Event "Valasska Bystrice op"]
[Site "Valasska Bystrice"]
[Date "2016.09.11"]
[Round "2"]
[White "Machac, Petr"]
[Black "Bambusek, Vladislav"]
[Result "0-1"]
[WhiteElo "1337"]
[BlackElo "1664"]
[PlyCount "134"]
[EventDate "2016.09.10"]
[EventType "swiss"]
[EventRounds "9"]
[EventCountry "CZE"]
[SourceTitle "CBM 174 Extra"]
[Source "ChessBase"]
[SourceDate "2016.10.10"]
[SourceVersion "1"]
[SourceVersionDate "2016.10.10"]
[SourceQuality "1"]

1. d4 d5 2. Nf3 Nf6 3. c4 e6 4. Nc3 Bb4 5. e3 0-0 6. Bd2 b6 7. b3 Bb7 8. Bd3 Nbd7 9. 0-0 c6 10. a3 Bd6 11. e4 dxe4 12. Nxe4 Nxe4 13. Bxe4 Nf6 14. Bg5 Be7 15. Bc2 Qc7 16. Qd3 g6 17. Ne5 Nh5 18. Bh6 Ng7 19. b4 Rad8 20. Qe3 c5 21. Rfd1 cxd4 22. Rxd4 Rxd4 23. Qxd4 Bf6 24. Re1 Rd8 25. Qe3 Bxe5 26. Qxe5 Qxe5 27. Rxe5 f6 28. Re1 e5 29. Bb3 Nf5 30. c5+ Kh8 31. Be3 b5 32. Bc1 Bc6 33. Bb2 Kg7 34. g4 Nh4 35. Re3 Nf3+ 36. Kg2 Nd4+ 37. Kg3 Nxb3 38. Rxb3 Rd2 39. g5 Bd5 40. gxf6+ Kxf6 41. Bc1 Rd1 42. Rc3 Bc6 43. h3 Kf5 44. h4 Rd4 45. Kh3 e4 46. Be3 Rd3 47. Rxd3 exd3 48. Kg3 h5 49. f3 Ke5 50. Kf2 Kd5 51. Ke1 Kc4 52. f4 Kc3 53. Kd1 a6 54. Bd2+ Kd4 55. Bc1 Bf3+ 56. Kd2 Bg4 57. c6 Bf5 58. Bb2+ Kc4 59. c7 Kb3 60. Bc1 Kc4 61. Bb2 Bc8 62. Bc1 Kd4 63. Bb2+ Ke4 64. Be5 Bf5 65. Kd1 Ke3 66. Ke1 d2+ 67. Kd1 Bg4+ 0-1

[Event "Valasska Bystrice op"]
[Site "Valasska Bystrice"]
[Date "2015.09.13"]
[Round "3"]
[White "Peterka, Josef"]
[Black "Bambusek, Vladislav"]
[Result "1-0"]
[WhiteElo "1711"]
[BlackElo "1680"]
[PlyCount "99"]
[EventDate "2015.09.12"]
[EventType "swiss"]
[EventRounds "9"]
[EventCountry "CZE"]
[SourceTitle "EXT 2016"]
[Source "ChessBase"]
[SourceDate "2015.10.08"]
[SourceVersion "1"]
[SourceVersionDate "2015.10.08"]
[SourceQuality "1"]

1. d4 Nf6 2. e3 b6 3. Nf3 Bb7 4. c4 e6 5. Nc3 Be7 6. Be2 0-0 7. 0-0 d5 8. b3 Nbd7 9. Bb2 Rc8 10. Rc1 c5 11. h3 Bd6 12. cxd5 Nxd5 13. dxc5 Bxc5 14. Bc4 N5f6 15. Qe2 Bxf3 16. Qxf3 Ne5 17. Qe2 Ng6 18. Rfd1 Qe7 19. Ba6 Rcd8 20. Nb5 Nd5 21. a3 Rd7 22. b4 Bd6 23. Nxd6 Rxd6 24. g3 Rfd8 25. Bc4 Nc7 26. h4 b5 27. Bb3 a6 28. Bd4 Ne8 29. Bc5 Rxd1+ 30. Rxd1 Rxd1+ 31. Qxd1 Qc7 32. Qf3 Qc8 33. Bc2 Nf6 34. h5 Ne5 35. Qf4 Ned7 36. h6 g6 37. Qd6 Ng4 38. Be4 Nxh6 39. Bc6 Nxc5 40. bxc5 Nf5 41. Qd7 Qf8 42. Qa7 Ne7 43. Qxa6 Nxc6 44. Qxc6 Qb8 45. Qb6 Qa8 46. c6 Qxa3 47. Qxb5 Qc1+ 48. Kg2 h5 49. Qb8+ Kh7 50. Qb7 1-0

[Event "Valasska Bystrice op"]
[Site "Valasska Bystrice"]
[Date "2014.09.18"]
[Round "7"]
[White "Adamcik, David"]
[Black "Bambusek, Vladislav"]
[Result "1/2-1/2"]
[WhiteElo "1540"]
[BlackElo "1685"]
[PlyCount "100"]
[EventDate "2014.09.13"]
[EventType "swiss"]
[EventRounds "9"]
[EventCountry "CZE"]
[SourceTitle "CBM 162 Extra"]
[Source "ChessBase"]
[SourceDate "2014.10.17"]
[SourceVersion "1"]
[SourceVersionDate "2014.10.17"]
[SourceQuality "1"]

1. d4 Nf6 2. c4 e6 3. Nc3 Bb4 4. Bd2 d5 5. e3 0-0 6. a3 Bxc3 7. Bxc3 c6 8. Bd3 Nbd7 9. Qc2 h6 10. Ne2 Qc7 11. h3 e5 12. cxd5 Nxd5 13. 0-0 N5f6 14. Rad1 Re8 15. dxe5 Nxe5 16. Nf4 Nxd3 17. Rxd3 Bf5 18. Bxf6 gxf6 19. Qc3 Bxd3 20. Nxd3 Qe7 21. Nf4 Qe5 22. Qb3 Re7 23. Ng6 Qe6 24. Nxe7+ Qxe7 25. Rd1 Kg7 26. Rd4 f5 27. Qd3 Qe6 28. Rf4 Qe5 29. Qxf5 Qxf5 30. Rxf5 Rd8 31. Rf3 Rd2 32. b4 Rd3 33. e4 Rd1+ 34. Kh2 Rc1 35. g4 c5 36. bxc5 Rxc5 37. Rd3 b5 38. Kg3 a5 39. f3 Rc4 40. Rd5 Ra4 41. Rxb5 Rxa3 42. h4 a4 43. h5 Ra1 44. Ra5 a3 45. Kf4 a2 46. Kf5 Rf1 47. Rxa2 Rxf3+ 48. Ke5 Rf1 49. Ra3 Rf2 50. Rg3 Rf1 1/2-1/2

[Event "Valasska Bystrice op"]
[Site "Valasska Bystrice"]
[Date "2014.09.13"]
[Round "1"]
[White "Bambusek, Vladislav"]
[Black "Milcova, Zuzana"]
[Result "0-1"]
[WhiteElo "1685"]
[BlackElo "2027"]
[PlyCount "106"]
[EventDate "2014.09.13"]
[EventType "swiss"]
[EventRounds "9"]
[EventCountry "CZE"]
[SourceTitle "CBM 162 Extra"]
[Source "ChessBase"]
[SourceDate "2014.10.17"]
[SourceVersion "1"]
[SourceVersionDate "2014.10.17"]
[SourceQuality "1"]

1. c4 c6 2. Nc3 d5 3. d4 Nf6 4. Bg5 dxc4 5. e4 Nbd7 6. Bxc4 Qa5 7. Bd2 Qb6 8. Qb3 e6 9. Nf3 Qxb3 10. Bxb3 Bb4 11. e5 Nd5 12. Nxd5 Bxd2+ 13. Nxd2 exd5 14. Rc1 Nf8 15. h3 Ne6 16. Nf3 Nf4 17. Kf1 0-0 18. Bc2 b6 19. Rh2 Ba6+ 20. Ke1 Rac8 21. Kd2 c5 22. Bf5 Rc7 23. dxc5 bxc5 24. g3 Ne6 25. Rhh1 Rb8 26. Rc2 c4 27. Bxe6 fxe6 28. Nd4 Kf7 29. f4 g6 30. g4 Ke7 31. Kc3 Rf8 32. Rf2 Bc8 33. Rhf1 Kd8 34. Nb5 Re7 35. Nd4 Kc7 36. Nb5+ Kc6 37. Nd6 Kc5 38. b4+ Kc6 39. Kd4 a5 40. b5+ Kb6 41. a4 Rc7 42. Nxc8+ Rfxc8 43. Kc3 Kc5 44. Rd2 Rf7 45. Rd4 Rcf8 46. h4 h5 47. gxh5 gxh5 48. b6 Rb7 49. f5 Rxb6 50. Rd2 d4+ 51. Kc2 d3+ 52. Kc1 Rfb8 53. Rf3 Rb1# 0-1

[Event "Valasska Bystrice op"]
[Site "Valasska Bystrice"]
[Date "2013.09.14"]
[Round "9"]
[White "Bambusek, Vladislav"]
[Black "Smutek, Jiri"]
[Result "1-0"]
[WhiteElo "1738"]
[BlackElo "1443"]
[PlyCount "51"]
[EventDate "2013.09.07"]
[EventType "swiss"]
[EventRounds "9"]
[EventCountry "CZE"]
[SourceTitle "CBM 156 Extra"]
[Source "ChessBase"]
[SourceDate "2013.10.22"]
[SourceVersion "1"]
[SourceVersionDate "2013.10.22"]
[SourceQuality "1"]

1. d4 Nf6 2. c4 e6 3. Nc3 d5 4. e3 Bb4 5. Qb3 Bxc3+ 6. Qxc3 0-0 7. Nf3 b6 8. Be2 Ba6 9. b3 c5 10. 0-0 Nc6 11. dxc5 Ne4 12. Qb2 Nxc5 13. Rd1 Ne7 14. Bd2 dxc4 15. bxc4 Qc7 16. Bb4 Bb7 17. Rac1 a6 18. Ne5 Nf5 19. Bxc5 bxc5 20. Rd7 Qa5 21. Rxb7 Rfe8 22. Rb1 h6 23. Nxf7 Ne7 24. Ne5 Rad8 25. Nd3 Nf5 26. g4 1-0

[Event "Valasska Bystrice op"]
[Site "Valasska Bystrice"]
[Date "2013.09.07"]
[Round "1"]
[White "Bambusek, Vladislav"]
[Black "Nyta, Zdenek"]
[Result "0-1"]
[WhiteElo "1738"]
[BlackElo "2052"]
[PlyCount "132"]
[EventDate "2013.09.07"]
[EventType "swiss"]
[EventRounds "9"]
[EventCountry "CZE"]
[SourceTitle "CBM 156 Extra"]
[Source "ChessBase"]
[SourceDate "2013.10.22"]
[SourceVersion "1"]
[SourceVersionDate "2013.10.22"]
[SourceQuality "1"]

1. d4 f5 2. c4 Nf6 3. Nc3 e6 4. Nf3 b6 5. g3 Bb7 6. Bg2 Be7 7. 0-0 0-0 8. d5 exd5 9. cxd5 Na6 10. Bf4 Ne8 11. a3 Bd6 12. Bg5 Be7 13. Bf4 h6 14. Rc1 Bd6 15. Qd2 Nc5 16. Nd4 g5 17. Bxd6 Nxd6 18. b4 Nce4 19. Qa2 Qf6 20. e3 Nxc3 21. Rxc3 Rac8 22. Rfc1 f4 23. Rxc7 fxe3 24. fxe3 Qe5 25. Qb3 Kh8 26. Rxc8 Nxc8 27. Ne2 Nd6 28. Qc3 Qxc3 29. Rxc3 Nb5 30. Rb3 Rc8 31. a4 Rc2 32. Kf2 Nd6 33. e4 Rc4 34. Ke3 b5 35. a5 Rc2 36. Bf3 Nc4+ 37. Kf2 d6 38. Bh5 Nd2 39. Re3 Kg7 40. Bf3 Nc4 41. Rb3 Kf6 42. g4 Ke5 43. Kf1 a6 44. h3 Bc8 45. Kf2 Bd7 46. Ke1 Be8 47. Kd1 Ra2 48. Kc1 Bg6 49. Nc3 Rh2 50. Bd1 Bxe4 51. Nxe4 Kxe4 52. Bc2+ Kxd5 53. Bf5 Ne5 54. Bc8 Kc4 55. Be6+ d5 56. Re3 Nd3+ 57. Kd1 Kd4 58. Rf3 Nxb4 59. Bc8 Kc5 60. Rc3+ Kd4 61. Rf3 Kc4 62. Ra3 d4 63. Be6+ Kc5 64. Bf5 Nd5 65. Bc8 Nc3+ 66. Ke1 Kb4 0-1